000 00579nam a2200181Ia 4500
008 090123s9999 xx 000 0 und d
082 _b17134
100 _aतेंडुलकर प्रिया
245 _aपंचतारांकीत
250 _a1
260 _bडिंपल प्रकाशन
_c1989
300 _a144
600 _aतेंडुलकर प्रिया
630 _aपंचतारांकीत
700 _aतेंडुलकर प्रिया
730 _aपंचतारांकीत
942 _cBOOK
999 _c55194
_d55194